000 00944nai a22002537a 4500
003 OSt
005 20170720105405.0
008 130910b2015 slv spa
022 _a2227-4235
040 _cBMC
082 _a378.00772845
082 _a378.72840014
082 _a001.47284
110 2 _91064
_aUniversidad Católica de El Salvador
245 1 0 _aAnuario de investigación 2016
_cUNICAES
260 _aSanta Ana
_bUNICAES, Dirección de Investigación
_c2016
300 _a411 p.
_bil.
_c28 cm
490 _aPublicaciones de la Dirección de Investigación
_x2227-4235
_v5
610 2 4 _99278
_aUniversidad Católica de El Salvador
_bDirección de Investigación
_vAnuarios
610 2 4 _98619
_aUniversidad Católica de El Salvador
_xActividad científica
650 2 4 _94874
_aInvestigación
_zEl Salvador
710 0 1 _99274
_aUniversidad Católica de El Salvador
_bDirección de Investigación
942 _2ddc
_cBK
_hprozim
999 _c27162
_d27162